000 00913nas a2200301 4500
001 BR2015003625
003 BR-BrBNA
005 20231205125428.0
007 ta
008 230509b bl.|||p| |||| 00| 00por d
040 _aBR-BrBNA
_bpor
_cBiblioteca Nacional de Agricultura
041 _a(Pt)
072 _aF50; F01
100 1 _aTomassoni, F.
100 1 _aSantos, R.F.
100 1 _aBassegio, D.
100 1 _aSecco, D.
100 1 _aSantos, F.S.
100 1 _aCremonez, P.A.
245 1 _aDiferentes densidades de plantio na cultura da linhaça dourada
650 _aLINHAÇA
650 _aANATOMIA VEGETAL
650 _aRENDIMENTO
773 0 _tActa Iguazu (Brazil)
_xISSN 2316-4093
_g(2013), v. 2(3) p. 8-14
_wBR2015003625
856 4 0 _uhttp://e-revista.unioeste.br/index.php/actaiguazu/article/download/8560/6313
909 _a202311
_bLúcia
_c55
_dLúcia Elande
942 _2AGRIS
_n0
_cANA
999 _c244329
_d244329